000
00332nam a22001577a 4500
003
SGT
020
_a
9789389309393
082
_a
616.07
_b
N21D
100
_a
DAMS
245
_a
NEXT GENERATION CONCEPT BOOK PATHOLOGY
250
_a
1ST
260
_a
INDIA
_b
DAMS
_c
2021
300
_a
472
650
_a
PATHOLOGY
942
_2
ddc
_c
BK
999
_c
26839
_d
26839